000 00654nam a2200205 i 4500
001 99932
003 ES-MaACL
005 20250823063057.0
007 t|
008 050920s1957 sp ||||1| spa d
100 1 _aMartínez Kleiser, Luis,
_d1883-1971
_978166
245 1 0 _aDe sobremesa
_b: cuentos y apólogos /
_cLuis Martínez Kleiser; prólogo de Gregorio Marañón.
260 _aMadrid :
_bPrensa Española,
_c1957.
300 _a223 p. ;
_c22 cm.
490 1 _atres dados
700 1 _aMarañón, Gregorio,
_d1887-1960
_976311
830 0 _atres dados
_9226739
852 _aES-MaACL
_jC-13625
_bR.41424
999 _c99932
_d99932